| 000 | 00915cam a22001935a 4500 | ||
|---|---|---|---|
| 001 | L156584 | ||
| 008 | 120611s1931 xxk f 000 0 eng d | ||
| 035 | _a(Sirsi) u156584 | ||
| 041 | 0 | _aeng | |
| 110 | 2 |
_aNational Association of Auctioneers, House Agents, Rating Surveyors and Valuers _94989 |
|
| 245 | 0 | 4 |
_aThe West End Branch at their third annual sale will offer a small miscellaneous collection of household comestibles and commodities in 15 lots _bon Wednesday, 4th March, 1931 at Pagani's Restaurant, Great Portland Street, W.1., the sale commences at 7 p.m. sharp |
| 260 |
_a[S.l.] _bNAA _c1931 |
||
| 300 |
_a[6 p.] _c25 cm. |
||
| 520 | _aHumorous booklet given to guests at the third annual dinner of the NAA, with the menu and entertainment listed in the style of an auction catalogue. | ||
| 651 | 4 |
_aGreat Britain _y1707- |
|
| 690 |
_aAuctioneering _96218 |
||
| 690 |
_aValuation _96273 |
||
| 942 | _n0 | ||
| 999 |
_c114302 _d114302 |
||